Business law including company law (Record no. 5592)
[ view plain ]
| 000 -LEADER | |
|---|---|
| fixed length control field | 00540cam a2200205ua 4500 |
| 001 - CONTROL NUMBER | |
| control field | 6448 |
| 005 - DATE AND TIME OF LATEST TRANSACTION | |
| control field | 20260515114042.0 |
| 008 - FIXED-LENGTH DATA ELEMENTS--GENERAL INFORMATION | |
| fixed length control field | 131210n ii |||gr||||Z||||||eng |
| 020 ## - INTERNATIONAL STANDARD BOOK NUMBER | |
| International Standard Book Number | 81-224-1862-7 |
| 040 ## - CATALOGING SOURCE | |
| Transcribing agency | MAIN |
| 082 ## - DEWEY DECIMAL CLASSIFICATION NUMBER | |
| Classification number | 346.07 |
| 245 ## - TITLE STATEMENT | |
| Title | Business law including company law |
| Statement of responsibility, etc. | By S.S. Gulshan |
| 260 ## - PUBLICATION, DISTRIBUTION, ETC. | |
| Place of publication, distribution, etc. | New delhi: |
| Name of publisher, distributor, etc. | New age International (P) limited, |
| Date of publication, distribution, etc. | 2006. |
| 300 ## - PHYSICAL DESCRIPTION | |
| Extent | xiii,661p. |
| 653 ## - INDEX TERM--UNCONTROLLED | |
| Uncontrolled term | Commerce |
| 653 ## - INDEX TERM--UNCONTROLLED | |
| Uncontrolled term | Business law |
| 700 ## - ADDED ENTRY--PERSONAL NAME | |
| Personal name | Gulshan,S.S., |
| Relator term | Author., |
| 700 1# - ADDED ENTRY--PERSONAL NAME | |
| Personal name | Kapoor,G.K., |
| Relator term | Author. |
| 942 ## - ADDED ENTRY ELEMENTS (KOHA) | |
| Koha item type | Books |
| Withdrawn status | Lost status | Damaged status | Not for loan | Home library | Current library | Shelving location | Date acquired | Total checkouts | Full call number | Barcode | Date last seen | Copy number | Price effective from | Koha item type |
|---|---|---|---|---|---|---|---|---|---|---|---|---|---|---|
| Naharkatiya College Library | Naharkatiya College Library | General stacks | 09/19/2020 | 346.07 | GUL | 18226 | 09/19/2020 | 1 | 09/19/2020 | Books |